| 000 | 01555cam a2200373 i 4500 | ||
|---|---|---|---|
| 001 | 29845 | ||
| 003 | Mx-PuUPA | ||
| 005 | 20260420140634.0 | ||
| 008 | 140415s2014 sp ado fr 001 0 spa d | ||
| 017 | _aB. 18.770-2013 | ||
| 020 |
_a9788490223147 _qempastado |
||
| 040 |
_aMx-PuUPA _bspa _cMx-PuUPA _dMx-PuUPA _erda |
||
| 041 | 1 |
_aspa _heng |
|
| 130 | 0 | _aContemporary orthodontics. | |
| 245 | 1 | 0 |
_aOrtodoncia contemporánea / _cWilliam R. Proffit, Henry W. Fields, David M. Sarver, James L. Ackerman |
| 250 | _aQuinta edición | ||
| 264 | 1 |
_aBarcelona, España : _bElsevier España, _c©2014 |
|
| 300 |
_axiii, 754 páginas : _bilustraciones, gráficas, fotografías (principalmente a color) ; _c29 cm |
||
| 336 |
_atexto _2rdacontent _btxt |
||
| 336 |
_2rdacontent _aimagen fija _bsti |
||
| 337 |
_2rdamedia _asin medio _bn |
||
| 338 |
_2rdacarrier _avolumen _bnc |
||
| 650 | 7 |
_2armarc _aOrtodoncia _xMétodos |
|
| 700 | 1 |
_aProffit, William R., _eautor _95418 |
|
| 700 | 1 |
_aFields, Henry W., _eautor |
|
| 700 | 1 |
_aSarver, David M., _eautor |
|
| 700 | 1 |
_aAckerman, James L., _eautor |
|
| 765 | 0 |
_aProffit, William R. _tContemporary orthodontics. _bQuinta edición _dSt. Louis Missouri : Elsevier Inc., ©2013 _w(Mx-PuUPA) 43917 _z9780323083171 |
|
| 942 |
_2ddc _cLI _h617.643 _iC7418 |
||
| 999 |
_c29845 _d29845 |
||